Sorgo negro (sorghum almum) /

Guardado en:
Autor Principal: Cairnie, Antonio Guillermo
Formato: Libro
Publicado: Buenos Aires : Hemisferio Sur, 1989
Materias:
Etiquetas: Agregar Etiqueta
Sin Etiquetas, Sea el primero en etiquetar este registro!
LEADER 01447nam a22002055a 4500
001 CEM.cems017586
005 20110517123759.0
008 130507s1989##################000#0#####d
003 CEMS
020 |a 9505044276 
082 0 4 |a 633.1 
100 1 |a Cairnie, Antonio Guillermo 
245 1 0 |a Sorgo negro (sorghum almum) /  |c Antonio Guillermo Cairnie 
260 |a Buenos Aires :  |b Hemisferio Sur,  |c 1989 
300 |a 26 p. 
500 |a Un sorgo forrajero perenne apto para la región semiárida pampeana 
505 0 |a Caraterísticas de la especie -- Características diferenciales del sorgo negro (sorghum almum) y el sorgo de Alepo (sorghum halepense) -- Cultivares de sorgo negro -- Siembra -- Control de malezas -- Cosecha de semilla -- Producción de forraje y composición química -- Digestibilidad -- Manejo del cultivo -- Período de utilización -- Toxicidad -- Antídoto para el caso de intoxicación con ácido cianhídrico -- Determinación del ácido cianhídrico en sorgos forrajeros -- El sorgo negro en la rotación de los cultivos -- Efecto del sorgo negro sobre la fertilidad de los suelos -- Utilización del sorgo negro para el engorde de novillos -- Utilización del sorgo negro diferido durante el período invernal con vacas de cría -- Utilización del sorgo negro diferido para el mantenimiento de terneros de recría 
653 |a Sorgo negro 
653 |a Forrajes 
859 |a CEMS  |b BIB. CEMS - Agricultura  |h 633.1  |i C123  |p A1347.11  |t Ej.1